La catástrofe de San Sebastián en 1688 y el hecho milagroso del Cristo de la Mota / (Record no. 94661)

MARC details
000 -LEADER
campo de control de longitud fija 00760nam a2200217 i 4500
001 - NÚMERO DE CONTROL
campo de control 94661
003 - IDENTIFICADOR DE NÚMERO DE CONTROL
campo de control ES-MaACL
005 - FECHA Y HORA DE LA ÚLTIMA TRANSACCIÓN
campo de control 20260202063017.0
007 - CAMPO FIJO DE DESCRIPCIÓN FÍSICA--INFORMACIÓN GENERAL
campo de control de longitud fija t|
008 - DATOS DE LONGITUD FIJA--INFORMACIÓN GENERAL
campo de control de longitud fija 050511s1963 sp ||||1| spa d
100 1# - ENTRADA PRINCIPAL--NOMBRE DE PERSONA
Nombre de persona Loyarte, Adrián de,
Fechas asociadas al nombre 1885-1962
9 (RLIN) 74399
245 13 - MENCIÓN DEL TÍTULO
Título La catástrofe de San Sebastián en 1688 y el hecho milagroso del Cristo de la Mota /
Mención de responsabilidad, etc. Adrián de Loyarte.
260 ## - PUBLICACIÓN, DISTRIBUCIÓN, ETC.
Lugar de publicación, distribución, etc. San Sebastián :
Nombre del editor, distribuidor, etc. Ayuntamiento :
-- Izarra,
Fecha de publicación, distribución, etc. 1963 (
Fabricante Imp. Ibarra)
300 ## - DESCRIPCIÓN FÍSICA
Extensión 64 p. :
Otras características físicas 1 gráf. ;
Dimensiones 22 cm.
490 1# - MENCIÓN DE SERIE
Mención de serie Colección B ;
Designación de volumen o secuencia 1
500 ## - NOTA GENERAL
Nota general Con retrato del autor.
651 #4 - PUNTO DE ACCESO ADICIONAL DE MATERIA--NOMBRE GEOGRÁFICO
Nombre geográfico San Sebastián-
Subdivisión general Historia-
Subdivisión cronológica S.XVII.
9 (RLIN) 167988
830 0# - PUNTO DE ACCESO ADICIONAL DE SERIE-TÍTULO UNIFORME
Título uniforme Colección B ;
Designación de volumen o secuencia 1
9 (RLIN) 184329
852 ## - LOCALIZACIÓN
Ubicación ES-MaACL
Número de control de estantería C-24187
Sublocalización o colección R.53103
Holdings
Estatus retirado Estado de pérdida Estado de daño No para préstamo Biblioteca de origen Biblioteca actual Ubicación en estantería Fecha de adquisición Fuente de adquisición Total de préstamos Signatura topográfica completa Código de barras Visto por última vez Precio de reemplazo Tipo de ítem Koha
        Biblioteca del Ateneo de Madrid Biblioteca del Ateneo de Madrid Depósito 2 17/01/2008     C-24187 1098860 23/02/2023 23/02/2023 Libro impreso